Statistiques concernant Les Pokémon des champions d'arène et du Conseil 4 d'Unys

Cliquez ici pour prendre le quiz!

Statistiques générales

  • Ce quiz a été pris 61 fois
  • Le résultat moyen est 38 sur 45

Statistiques - réponses

HintRéponse% Correct
Feuillajou
100%
Flamajou
100%
Flotajou
100%
Manternel
98%
Tranchodon
98%
IneziaEmolga (X2)
95%
Minotaupe
95%
KunzJudokrak
93%
Karaclée
93%
Polagriffe
93%
Noa, Armando et RachidPonchiot
93%
Zeblitz
93%
Déflaisan
91%
Drakkarmin
91%
Drakkarmin
91%
Hexagel
91%
Lakmécygne
91%
AloéPonchien
91%
Sidérella
91%
Iris ou WatsonIncisache
89%
Miradar
89%
Pyrax
89%
PercilaSymbios
86%
Bétochef
84%
Léopardus
84%
ZhuSorboul
84%
Lugulabre
82%
ArtieScobolid
82%
Shaofouine
82%
Frison
80%
AnisTutankafer
80%
PierisBaggaïd
75%
Cryptéro
75%
Golemastoc
75%
Scalproie
75%
BardaneEscroco
73%
Lançargot
73%
GoyahLimaspeed
73%
Moyade
73%
Mushana
73%
Crabicoque
70%
Crocorible
68%
CarolinaRhinolove
64%
Sorbouboul
61%
Batracné
59%

Distribution des résultats

Percentile par nombre de réponses

% des personnes avec chaque résultat

Votre développement - résultats

Vous n’avez pas pris ce quiz